Dopasuj Kpop Girlsbady do roku ich debiutu - Statystyki

Ogólne statystyki
  • Ten quiz został rozwiązany 220 razy
  • Średni wynik to 9 z 15
Statystyki odpowiedzi
Rok debiutu Girlsband % Poprawnych
2016 Blackpink
95%
2015 Twice
94%
2019 Itzy
82%
2020 aespa
78%
2018 (G)I-DLE
75%
2022 Le Sserafim
74%
2022 New Jeans
72%
2021 IVE
69%
2024 ILLIT
65%
2014 Red Velvet
61%
2022 NMIXX
54%
2014 Mamamoo
52%
2023 Kiss Of Life
35%
2024 Vcha
18%
2023 Baby Monsters
13%
Nie znaleziono quizów pasujących do podanych kryteriów
Rozkład punktacji
Procent ludzi z każdym wynikiem
Percentyl według liczby udzielonych odpowiedzi
Twoja historia wyników
Nie rozwiązałeś tego quizu